[Event "6th EICC"]
[Site "Warsaw POL"]
[Date "2005.06.30"]
[Round "12"]
[White "Luch,M"]
[Black "Murtez,H"]
[Result "1-0"]
[WhiteElo "2417"]
[BlackElo "2354"]
[EventDate "2005.06.18"]

1. d4 d5 2. c4 e6 3. Nc3 Nf6 4. cxd5 exd5 5. Bg5 Be7 6. e3 O-O 7. Bd3 Re8
8. Qc2 h6 9. Bh4 c6 10. Nge2 Nbd7 11. O-O Nf8 12. f3 Ne6 13. Rad1 b6 14. h3
Bb7 15. Bf2 Nf8 16. e4 Bb4 17. e5 N6d7 18. f4 c5 19. a3 Bxc3 20. Qxc3 Rc8
21. Bb1 cxd4 22. Qxd4 Nc5 23. Qe3 Qe7 24. Nd4 g6 25. Bg3 f5 26. Be1 Nfe6
27. Nf3 Kh7 28. Bh4 Qf7 29. Ba2 Ne4 30. Nd4 Rc5 31. Nxe6 Qxe6 32. Qd4 g5
33. fxg5 hxg5 34. Bf2 Kg6 35. Qd3 Rc7 36. Bd4 Rec8 37. Bb3 Rh7 38. g4 f4
39. Qxe4+ dxe4 40. Bxe6 Rxh3 41. Bf5+ Kh6 42. Bxc8 Bxc8 43. Rd2 e3 44. Rh2
Bxg4 45. Rxh3+ Bxh3 46. Re1 Kg6 47. Bxe3 Be6 48. Bd2 Kf5 49. Bc3 g4 50. Bd2
Bc4 51. e6 Bxe6 52. Bxf4 Bc4 53. Bb8 a6 54. Re5+ Kf6 55. Kf2 Be6 56. Kg3
Ke7 57. Re1 b5 58. b4 Kd7 59. Bf4 Bf5 60. Rc1 Ke6 1-0

[Event "6th EICC"]
[Site "Warsaw POL"]
[Date "2005.06.30"]
[Round "12"]
[White "Erdogdu,M"]
[Black "Rutkowski,M"]
[Result "1/2-1/2"]
[WhiteElo "2414"]
[BlackElo "2346"]
[EventDate "2005.06.18"]

1. e4 c5 2. Nf3 Nc6 3. d4 cxd4 4. Nxd4 g6 5. c4 Bg7 6. Be3 d6 7. Nc3 Nf6 8.
Be2 O-O 9. O-O Nxd4 10. Bxd4 Qa5 11. a3 Be6 12. b4 Qc7 13. Nd5 1/2-1/2

[Event "6th EICC"]
[Site "Warsaw POL"]
[Date "2005.06.30"]
[Round "12"]
[White "Guseinov,El"]
[Black "Erturan,Y"]
[Result "1-0"]
[WhiteElo "2391"]
[BlackElo "2277"]
[EventDate "2005.06.18"]

1. d4 Nf6 2. Bg5 e6 3. e4 h6 4. Bxf6 Qxf6 5. Nc3 Bb4 6. Nge2 d6 7. Qd3 O-O
8. f4 c5 9. dxc5 Bxc5 10. O-O-O Nc6 11. Kb1 b5 12. e5 Qd8 13. exd6 Bd7 14.
Ng3 Nb4 15. Qd2 Qb6 16. Nce4 Nd5 17. Nxc5 Qxc5 18. Ne4 Qb6 19. Bd3 f5 20.
Ng3 Rac8 21. Ne2 b4 22. Ka1 a5 23. Rc1 Qxd6 24. g4 fxg4 25. Rcg1 e5 26. Be4
exf4 27. c4 Rxc4 28. Bxd5+ Kh8 29. Rd1 Rc7 30. Rhf1 Ba4 31. Nxf4 Rxf4 32.
Rxf4 Bxd1 33. Be4 Qe7 34. Qxd1 Rc4 35. Qd5 Rc1+ 36. Bb1 Rxb1+ 37. Kxb1 Qe1+
38. Kc2 1-0

[Event "6th EICC"]
[Site "Warsaw POL"]
[Date "2005.06.30"]
[Round "12"]
[White "Krasiewicz,R"]
[Black "Skurski,J"]
[Result "0-1"]
[WhiteElo "2056"]
[BlackElo "2299"]
[EventDate "2005.06.18"]

1. d4 Nf6 2. c4 g6 3. Nc3 Bg7 4. e4 d6 5. Bg5 O-O 6. Be2 Nbd7 7. f4 c5 8.
e5 cxd4 9. Qxd4 Ne8 10. Nf3 Nc7 11. Bh4 dxe5 12. fxe5 Nxe5 13. Qxd8 Rxd8
14. Bxe7 Re8 15. Bd6 Nxf3+ 16. gxf3 Bf5 17. Rd1 Ne6 18. Kf2 Bd4+ 19. Kg2
Bxc3 20. bxc3 Nf4+ 21. Bxf4 Rxe2+ 22. Kg3 Rxa2 23. Rhe1 Be6 24. c5 Ra6 25.
Rb1 Rc6 26. Rxb7 Rxc5 27. Be3 Rxc3 28. Rxa7 Rxa7 29. Bxa7 Rc6 30. Rb1 Kf8
31. Bd4 Ke7 32. Rb7+ Bd7 33. h4 Rc4 34. Be3 h5 35. Rb3 Ke6 36. Ra3 Bc6 37.
Bf4 Bd5 38. Re3+ Kd7 39. Rd3 Kc6 40. Be5 Ra4 41. Bd4 Bc4 42. Rc3 Kd5 43.
Bf2 Ra2 44. Re3 Rc2 45. Ra3 Ba2 46. Rd3+ Kc6 47. Ra3 Kb5 48. Re3 Bd5 49.
Bg1 Kc6 50. Ra3 Kd7 51. Be3 Ke6 52. Bf4 Bc4 53. Be3 Bf1 54. Bf2 g5 55. Ra1
gxh4+ 56. Kxh4 Bb5 57. Bg3 Bc6 58. Ra3 Rc5 59. Re3+ Kf6 60. Bd6 Rd5 61. Bc7
Kg6 62. f4 Bd7 63. Re5 Rd1 64. Rg5+ Kf6 65. Be5+ Ke6 66. Rg2 Rh1+ 67. Kg3
h4+ 68. Kf2 h3 69. Rg1 Rh2+ 70. Kg3 Rd2 71. Kxh3 f6 72. Bb8 Rb2 73. Re1+
Kf7+ 74. Kg3 Rxb8 75. Rd1 Bf5 76. Rc1 Rb3+ 77. Kf2 Bg4 78. Rc4 Kg6 79. Ra4
Kf5 80. Kg2 Bf3+ 81. Kf2 Be4 82. Ra6 Rf3+ 83. Ke2 Bd3+ 84. Kxf3 Bxa6 85.
Kg3 Bb7 0-1

[Event "6th EICC"]
[Site "Warsaw POL"]
[Date "2005.06.30"]
[Round "12"]
[White "Krzymowski,A"]
[Black "Matras,A"]
[Result "0-1"]
[WhiteElo "2034"]
[BlackElo "2280"]
[EventDate "2005.06.18"]

1. e4 e5 2. Nf3 Nc6 3. Bc4 Nf6 4. Ng5 d5 5. exd5 Na5 6. Bb5+ c6 7. dxc6
bxc6 8. Be2 h6 9. Nf3 e4 10. Ne5 Bd6 11. d4 exd3 12. Nxd3 Qc7 13. b3 O-O
14. Bb2 Ne4 15. h3 c5 16. c4 Bb7 17. Nc3 Ng5 18. Nb5 Qe7 19. O-O Bb8 20.
Qd2 Qe4 21. f3 Qh4 22. Qe1 Bg3 23. Qc3 f6 24. Nf2 Nc6 25. Qc2 a6 26. Na3
Ne5 27. Bxe5 Bxe5 28. Qf5 Qg3 29. Nh1 Qh2+ 30. Kf2 Bd4+ 31. Ke1 Bxa1 32. f4
Ne4 33. Bf3 Rfe8 34. Kd1 Nc3+ 35. Kc2 Bxf3 36. Rxf3 Qxg2+ 37. Rf2 Re2+ 0-1

[Event "6th EICC"]
[Site "Warsaw POL"]
[Date "2005.06.30"]
[Round "12"]
[White "Bleis,C"]
[Black "Kopczynski,M"]
[Result "1/2-1/2"]
[WhiteElo "2258"]
[BlackElo "2150"]
[EventDate "2005.06.18"]

1. d4 Nf6 2. c4 g6 3. Nc3 Bg7 4. e4 d6 5. Bd3 e5 6. Nge2 O-O 7. d5 Ne8 8.
O-O f5 9. exf5 gxf5 10. f4 e4 11. Bc2 Nd7 12. Be3 Qh4 13. Qe1 Qh6 14. Rb1
Ndf6 15. h3 Kh8 16. b4 Rg8 17. Rb3 a5 18. Ra3 b6 19. b5 Nd7 20. Kh1 Nc5 21.
Nd1 Bd7 22. Rg1 Bf6 23. Qf2 Rg6 24. Bd4 Bxd4 25. Qxd4+ Nf6 26. Rg3 Rag8 27.
Rxg6 Rxg6 28. Rf1 Kg8 29. Ne3 Qh4 30. Kh2 Nh5 31. Qd2 Ng3 32. Nxg3 Qxg3+
33. Kh1 h5 34. Qe1 h4 35. Qxg3 Rxg3 36. Re1 Kf7 37. Kg1 Kf6 38. Kf2 Be8 39.
Rd1 Bh5 40. Rd2 Nd7 41. Bd1 Bxd1 42. Rxd1 Nc5 43. Ke2 Nd3 44. Rf1 Nb4 45.
a3 Nd3 46. Kd2 Nb2 47. Rc1 Nd3 48. Rf1 Nc5 49. Ke2 Nb3 50. Rd1 a4 51. Kf2
Nc5 52. Ke2 Nd3 53. Rf1 Nb2 54. Rc1 Nd3 55. Rf1 Kg6 56. Kd2 Nc5 57. Ke2 Nb3
58. Rd1 Na5 59. Rc1 Nb3 1/2-1/2

[Event "6th EICC"]
[Site "Warsaw POL"]
[Date "2005.06.30"]
[Round "12"]
[White "Bente,B"]
[Black "Azimi,R"]
[Result "1-0"]
[WhiteElo "2218"]
[BlackElo "2144"]
[EventDate "2005.06.18"]

1. d4 Nf6 2. c4 e5 3. dxe5 Ne4 4. a3 a5 5. Nf3 Nc6 6. Qc2 d5 7. exd6 Bf5 8.
dxc7 Qxc7 9. Nc3 Nd6 10. e4 Bg4 11. Bf4 Bxf3 12. gxf3 Nd4 13. Qa4+ Qc6 14.
Qxc6+ bxc6 15. O-O-O c5 16. Ne2 Nb7 17. Nxd4 cxd4 18. Rxd4 Bc5 19. Rd2 O-O
20. Be3 Bxe3 21. fxe3 Nc5 22. Rd5 Nb3+ 23. Kc2 a4 24. Be2 Rfc8 25. Rhd1 Na5
26. Kb1 g6 27. Rc1 Nb3 28. Rc3 Nc5 29. e5 Rc7 30. f4 Re8 31. Bf3 Kg7 32.
Rd6 g5 33. Rc6 Rxc6 34. Bxc6 Re6 35. Bd5 Rh6 36. Rc2 Rh3 37. Rg2 Rxe3 38.
Rxg5+ Kf8 39. Rf5 Re1+ 40. Kc2 Re2+ 41. Kc3 Rxh2 42. Rxf7+ Ke8 43. Rc7 Rh3+
44. Kd4 Nb3+ 45. Ke4 Nd2+ 46. Kf5 Rh6 47. e6 Nf1 48. Ke5 Ne3 49. f5 Ng4+
50. Kd6 Kf8 51. Rf7+ Ke8 52. Bc6+ 1-0

[Event "6th EICC"]
[Site "Warsaw POL"]
[Date "2005.06.30"]
[Round "12"]
[White "Kachur,A"]
[Black "Gluszko,T"]
[Result "1/2-1/2"]
[WhiteElo "2281"]
[BlackElo "1977"]
[EventDate "2005.06.18"]

1. d4 Nf6 2. c4 g6 3. Nc3 d5 4. cxd5 Nxd5 5. Qb3 Nxc3 6. bxc3 Bg7 7. Ba3
O-O 8. Nf3 Nd7 9. e3 a6 10. Be2 b5 11. c4 Nb6 12. cxb5 axb5 13. Bxb5 Be6
14. Qd3 Bf5 15. Qc3 Nd5 16. Qc1 c5 1/2-1/2

[Event "6th EICC"]
[Site "Warsaw POL"]
[Date "2005.06.30"]
[Round "12"]
[White "Szewczak,And"]
[Black "Stoma,P"]
[Result "0-1"]
[WhiteElo "1995"]
[BlackElo "2295"]
[EventDate "2005.06.18"]

1. e4 c5 2. Nc3 Nc6 3. f4 g6 4. Nf3 Bg7 5. g3 d6 6. Bg2 Rb8 7. O-O b5 8. d3
Nf6 9. Bd2 O-O 10. Qc1 Bg4 11. h3 Bxf3 12. Rxf3 Nd4 13. Rf2 Nd7 14. Nd1 b4
15. c3 bxc3 16. bxc3 Nb5 17. a4 Nc7 18. f5 Ne5 19. Bf1 Ne8 20. Bh6 Rb3 21.
Bxg7 Kxg7 22. Rb2 Rxb2 23. Qxb2 Nf6 24. Qb7 a5 25. Ne3 Kg8 26. Rb1 e6 27.
Be2 Nh5 28. Bxh5 Qg5 29. Nf1 Qxh5 30. d4 cxd4 31. f6 dxc3 32. Qe7 Qh6 33.
Qc7 Nf3+ 34. Kg2 Ng5 35. Re1 Qxh3+ 36. Kf2 Qg4 37. Qxc3 Nxe4+ 38. Rxe4 Qxe4
39. Qxa5 Qd4+ 40. Ne3 Qxf6+ 41. Ke2 Qe5 42. Qxe5 dxe5 43. Nc4 Ra8 44. a5 f5
45. Kd3 Kg7 46. Kc3 f4 47. gxf4 exf4 48. Kd4 Kf6 49. Ke4 g5 50. Kf3 h5 51.
Ke4 e5 52. Kf3 g4+ 53. Ke4 h4 54. Kd3 h3 55. Nb6 Rxa5 56. Nd5+ Rxd5+ 57.
Ke4 0-1

[Event "6th EICC"]
[Site "Warsaw POL"]
[Date "2005.06.30"]
[Round "12"]
[White "Praszak,M"]
[Black "Wojcicki,L"]
[Result "1-0"]
[WhiteElo "2261"]
[BlackElo "1833"]
[EventDate "2005.06.18"]

1. d4 d5 2. c4 c6 3. Nf3 e6 4. Nc3 Nf6 5. Qd3 Nbd7 6. g3 Be7 7. Bg2 b6 8.
O-O Bb7 9. e4 Nxe4 10. Nxe4 dxe4 11. Qxe4 Nf6 12. Qc2 O-O 13. Rd1 Qc7 14.
Bf4 Bd6 15. Bxd6 Qxd6 16. Ne5 Nd7 17. c5 bxc5 18. Nxd7 Qxd7 19. dxc5 Qc7
20. Rd6 Rad8 21. Rad1 Rxd6 22. cxd6 Qd7 23. Qc5 a6 24. b4 f6 25. a4 Rc8 26.
Qb6 Rb8 27. Qc7 Rd8 28. Qxd7 Rxd7 29. b5 axb5 30. axb5 cxb5 31. Bxb7 Kf7
32. Bc6 Rd8 33. Bxb5 e5 34. Bc4+ Ke8 35. Be6 g6 36. g4 Kf8 37. h4 h6 38.
Kg2 Ke8 39. Kf3 Kf8 40. Ke4 Ra8 41. Kd5 Ke8 42. Rc1 Ra5+ 43. Rc5 Rxc5+ 44.
Kxc5 Kd8 45. f3 Ke8 46. h5 gxh5 47. gxh5 Kd8 48. Kd5 Ke8 49. Kc6 Kd8 50.
Kb7 1-0

[Event "6th EICC"]
[Site "Warsaw POL"]
[Date "2005.07.01"]
[Round "13"]
[White "Asrian,K"]
[Black "Aronian,L"]
[Result "1/2-1/2"]
[WhiteElo "2611"]
[BlackElo "2693"]
[EventDate "2005.06.18"]

1. e4 e5 2. Nf3 Nc6 3. Bb5 Nf6 4. O-O Nxe4 5. Re1 Nd6 6. Nxe5 Be7 7. Bf1
O-O 8. d4 Nf5 9. c3 Nxe5 10. Rxe5 d6 11. Re1 1/2-1/2

[Event "6th EICC"]
[Site "Warsaw POL"]
[Date "2005.07.01"]
[Round "13"]
[White "Sokolov,I"]
[Black "Tiviakov,S"]
[Result "1/2-1/2"]
[WhiteElo "2662"]
[BlackElo "2631"]
[EventDate "2005.06.18"]

1. d4 Nf6 2. c4 e6 3. Nc3 Bb4 4. Qc2 c5 5. dxc5 O-O 6. a3 Bxc5 7. Nf3 b6 8.
Bg5 Bb7 9. e4 Be7 10. Be2 Nc6 11. Rd1 Rc8 12. e5 Ng4 13. Bf4 f6 14. exf6
Nxf6 15. O-O Nh5 16. Be3 Qe8 17. Bd3 g6 18. Be4 Nf6 19. Bxc6 Bxc6 20. Nd4
Ba8 21. Qe2 a6 22. Na4 Bd8 23. Nc2 d6 24. Nc3 Qc6 25. f3 Qxc4 26. Qxc4 Rxc4
27. Rxd6 Bc7 28. Rd2 b5 29. Re1 Kf7 30. Bf2 Re8 31. Nb4 Ba5 32. Nxa6 Rxc3
33. bxc3 Bxc3 34. Rc2 Bxe1 35. Bxe1 Bb7 36. Nc7 Rc8 37. Rc3 Nd5 38. Nxb5
Nxc3 39. Nd6+ Ke7 40. Nxc8+ Bxc8 41. Bxc3 Kd6 42. a4 h5 43. Kf2 Ba6 44. a5
Kc6 45. Ke3 Bf1 46. g3 1/2-1/2

[Event "6th EICC"]
[Site "Warsaw POL"]
[Date "2005.07.01"]
[Round "13"]
[White "Movsesian,S"]
[Black "Erenburg,S"]
[Result "1/2-1/2"]
[WhiteElo "2628"]
[BlackElo "2575"]
[EventDate "2005.06.18"]

1. e4 c6 2. d4 d5 3. Nd2 dxe4 4. Nxe4 Bf5 5. Ng3 Bg6 6. h4 h6 7. Nf3 Nd7 8.
h5 Bh7 9. Bd3 Bxd3 10. Qxd3 e6 11. Bf4 Qa5+ 12. Bd2 Qc7 13. O-O-O Ngf6 14.
Kb1 1/2-1/2

[Event "6th EICC"]
[Site "Warsaw POL"]
[Date "2005.07.01"]
[Round "13"]
[White "Jobava,Ba"]
[Black "Wojtaszek,R"]
[Result "0-1"]
[WhiteElo "2637"]
[BlackElo "2569"]
[EventDate "2005.06.18"]

1. d4 f5 2. c4 Nf6 3. g3 c6 4. Bg2 d6 5. Nf3 Qc7 6. Bf4 Nbd7 7. d5 e5 8.
dxe6 Nc5 9. Nc3 Nxe6 10. Bd2 g6 11. Qc2 Bg7 12. O-O O-O 13. Rad1 Bd7 14.
Ng5 Rad8 15. b3 Rfe8 16. Bc1 h6 17. Nxe6 Bxe6 18. Rd2 Qf7 19. Rfd1 d5 20.
Bb2 Rc8 21. cxd5 cxd5 22. Qb1 Red8 23. Qa1 Bf8 24. e4 fxe4 25. Nxe4 Nxe4
26. Bxe4 Rd7 27. Bg2 Bc5 28. Bd4 Bb4 29. Rd3 Bf5 30. Re3 b6 31. a3 Bf8 32.
Rde1 h5 33. b4 Bh6 34. Rc3 Re8 35. Rc6 Bd2 36. Re5 Kh7 37. Rf6 Qg8 38. Qd1
Rxe5 39. Bxe5 Bh6 40. h3 Qe8 41. Bd4 Rc7 42. Kh2 Rc1 43. Qb3 Qe1 44. f4 Be4
0-1

[Event "6th EICC"]
[Site "Warsaw POL"]
[Date "2005.07.01"]
[Round "13"]
[White "Kornev,Alexei"]
[Black "Gurevich,M"]
[Result "1/2-1/2"]
[WhiteElo "2565"]
[BlackElo "2630"]
[EventDate "2005.06.18"]

1. e4 e6 2. d4 d5 3. Nd2 c5 4. exd5 exd5 5. Ngf3 Nf6 6. Bb5+ Bd7 7. Qe2+
Be7 8. dxc5 O-O 9. Nb3 Re8 10. Be3 a6 11. Bd3 Ba4 12. Nfd4 Nbd7 13. O-O-O
Bxb3 14. Nxb3 a5 15. a4 Nxc5 16. Bb5 Nxb3+ 17. cxb3 Rf8 18. Kb1 Rc8 19. f3
Ne8 20. Qd2 Bc5 21. Bxc5 Rxc5 22. Rc1 Rxc1+ 23. Rxc1 g6 24. Rd1 Nc7 25.
Qxa5 Qd6 26. Bf1 Ra8 27. Qd2 Rd8 28. h3 d4 29. Qg5 Na6 30. Bxa6 bxa6 31.
Rd3 Rd7 32. Ka2 Kg7 33. h4 h6 34. Qa5 Qe6 35. Qb4 Qf6 36. Qc4 Rd6 37. Qc5
Qd8 38. Qe5+ Kg8 39. g4 Rd5 40. Qe4 Rd6 41. h5 g5 42. f4 gxf4 43. Qxf4 Kg7
44. Rf3 Qe7 45. Rd3 Qd8 46. Qe5+ Qf6 47. Qc5 Qf4 48. Qc2 Qe4 49. Qd1 Rd5
50. Ka1 Rd6 51. Ka2 Kf8 52. Ka3 Kg7 53. Ka2 Rd5 54. Kb1 Rc5 55. Ka2 Rc1 56.
Qxc1 Qxd3 57. Qc5 Qe4 58. Qc4 Qe3 59. Qc5 Qe4 60. Qc4 Qe3 61. b4 d3 62.
Qc3+ Kg8 63. b5 axb5 64. axb5 Qe6+ 65. Kb1 Qe2 66. Kc1 Qe3+ 67. Kd1 Qf3+
68. Kd2 Qe2+ 69. Kc1 Qe3+ 70. Kd1 Qe2+ 71. Kc1 Qf1+ 72. Kd2 Qe2+ 73. Kc1
1/2-1/2

[Event "6th EICC"]
[Site "Warsaw POL"]
[Date "2005.07.01"]
[Round "13"]
[White "Sargissian,G"]
[Black "Nyback,T"]
[Result "1-0"]
[WhiteElo "2630"]
[BlackElo "2551"]
[EventDate "2005.06.18"]

1. d4 Nf6 2. c4 e6 3. Nc3 Bb4 4. f3 c5 5. d5 b5 6. e4 bxc4 7. Bxc4 exd5 8.
Bxd5 Nxd5 9. Qxd5 Nc6 10. Nge2 Ba6 11. Be3 Rb8 12. Rd1 O-O 13. Kf2 Qf6 14.
Bg5 Qe6 15. Nf4 Qe8 16. Nh5 Bxc3 17. bxc3 Rb2+ 18. Rd2 Rxd2+ 19. Bxd2 Ne5
20. Bh6 Qb8 21. Bxg7 Nd3+ 22. Ke3 Qb2 23. c4 Qxg2 24. Bxf8 Nb4 25. Qxc5
Nc2+ 26. Kf4 Qd2+ 27. Kg3 Nd4 28. Bh6 1-0

[Event "6th EICC"]
[Site "Warsaw POL"]
[Date "2005.07.01"]
[Round "13"]
[White "Parligras,M"]
[Black "Kempinski,R"]
[Result "1/2-1/2"]
[WhiteElo "2560"]
[BlackElo "2627"]
[EventDate "2005.06.18"]

1. e4 c5 2. Nf3 d6 3. d4 cxd4 4. Nxd4 Nf6 5. Nc3 a6 6. Be3 e5 7. Nb3 Be6 8.
f3 Be7 9. Qd2 O-O 10. O-O-O Nbd7 11. g4 Qc7 12. Kb1 b5 13. g5 Nh5 14. Nd5
Bxd5 15. exd5 Nb6 16. Rg1 g6 17. h4 Rab8 18. Rg4 Rfc8 19. Na5 Nxd5 20. Qxd5
Qxa5 21. Bc4 Rf8 22. f4 Qc7 23. Bb3 Rbc8 24. Qe4 Ng7 25. h5 Nf5 26. hxg6
hxg6 27. fxe5 dxe5 28. Rf1 Qc6 29. Qxe5 Bd6 30. Qf6 Be7 31. Qxc6 Rxc6 32.
Bd2 Rd8 33. Ba5 Rd7 34. Re1 Rcd6 35. Rgg1 Nd4 36. Bb4 Nf3 37. Bxd6 Nxg1 38.
Rxg1 Rxd6 39. Rf1 Bxg5 40. Bxf7+ Kg7 41. Bb3 b4 42. c3 bxc3 43. bxc3 Bf6
44. Kc2 g5 45. Rd1 Rxd1 1/2-1/2

[Event "6th EICC"]
[Site "Warsaw POL"]
[Date "2005.07.01"]
[Round "13"]
[White "Stocek,J"]
[Black "Prusikin,M"]
[Result "1/2-1/2"]
[WhiteElo "2585"]
[BlackElo "2540"]
[EventDate "2005.06.18"]

1. d4 d5 2. c4 e6 3. Nf3 Nf6 4. Nc3 c5 5. cxd5 Nxd5 6. e4 Nxc3 7. bxc3 cxd4
8. cxd4 Bb4+ 9. Bd2 Bxd2+ 10. Qxd2 O-O 11. Rd1 b6 12. h4 Bb7 13. Bd3 Nc6
14. Qe3 Rc8 15. O-O Re8 16. Bb1 Na5 17. h5 Nc4 18. Qf4 h6 19. Rfe1 Qe7 20.
e5 Red8 21. Be4 b5 22. d5 Bxd5 23. Bxd5 Rxd5 24. Rxd5 exd5 25. Nd4 Rf8 26.
g3 a6 27. Kg2 Qg5 28. Qxg5 hxg5 29. e6 fxe6 30. Rxe6 Rf6 31. Re7 Rf7 32.
Re6 Rf6 33. Re7 Rf7 34. Re8+ Rf8 35. Re2 g4 36. Nc6 Kh7 37. Re7 Rf5 38. Rd7
Rxh5 39. Nb4 Rf5 40. Nxa6 Nb2 41. Nb4 Nd1 42. Nd3 Rf3 43. Rxd5 Rxf2+ 44.
Nxf2 Ne3+ 45. Kg1 Nxd5 46. Ne4 b4 47. Kf2 Kg6 48. Ke2 Kf5 49. Kd3 Nf6 50.
Nd2 Ke5 51. Kc4 Ne4 52. Nxe4 Kxe4 53. Kxb4 Kf3 54. a4 Kxg3 55. a5 Kf2 56.
a6 g3 57. a7 g2 58. a8=Q g1=Q 59. Qa7+ Kf1 60. Qa1+ 1/2-1/2

[Event "6th EICC"]
[Site "Warsaw POL"]
[Date "2005.07.01"]
[Round "13"]
[White "Cvitan,O"]
[Black "Palac,M"]
[Result "0-1"]
[WhiteElo "2481"]
[BlackElo "2574"]
[EventDate "2005.06.18"]

1. c4 e5 2. g3 Nf6 3. Bg2 d5 4. cxd5 Nxd5 5. Nc3 Nb6 6. Nf3 Nc6 7. O-O Be7
8. Rb1 Be6 9. d3 O-O 10. a3 a5 11. b3 f5 12. Bb2 Rf7 13. Nb5 Bf6 14. Qc2
Rd7 15. Rfd1 Bd5 16. Rbc1 Kh8 17. e4 fxe4 18. dxe4 Be6 19. h4 h6 20. Ne1
Rxd1 21. Rxd1 Qg8 22. Rd3 Qf7 23. Nf3 a4 24. bxa4 Nxa4 25. Rd2 Nxb2 26.
Qxb2 Na5 27. Rd1 Nc4 28. Qc1 Ra5 29. Nc3 c6 30. a4 Be7 31. Rd3 Bc5 32. Qc2
Ra8 33. Kh2 Kg8 34. Bh3 Bxh3 35. Kxh3 Rf8 36. Kg2 Ne3+ 37. Rxe3 Bxe3 38.
Qe2 Bb6 39. Nd1 Qe6 40. Qb2 Qg4 41. Qe2 Kh8 42. Nb2 Rf4 43. Nd3 Rxe4 44.
Qb2 Qd7 45. Ndxe5 Bd4 46. Ng6+ Kg8 47. Qc2 Qe6 48. Qd3 Qxg6 49. Nxd4 Rg4
50. Nf5 Qe6 51. f4 h5 52. Kf3 Qd5+ 53. Qxd5+ cxd5 54. a5 Kf8 55. Nd6 Rg6
56. Nxb7 Ra6 57. f5 Ke7 0-1

[Event "6th EICC"]
[Site "Warsaw POL"]
[Date "2005.07.01"]
[Round "13"]
[White "Guseinov,G"]
[Black "Bobras,P"]
[Result "0-1"]
[WhiteElo "2573"]
[BlackElo "2501"]
[EventDate "2005.06.18"]

1. e4 c5 2. Nf3 d6 3. d4 cxd4 4. Nxd4 Nf6 5. Nc3 a6 6. Bg5 e6 7. f4 Qb6 8.
Qd2 Qxb2 9. Nb3 Qa3 10. Bxf6 gxf6 11. Be2 Nc6 12. O-O Bd7 13. Kh1 h5 14.
Nb1 Qb4 15. Qe3 Ne7 16. c4 f5 17. a3 Qa4 18. Nc3 Qc6 19. Rad1 Bg7 20. c5
fxe4 21. Nxe4 Nf5 22. Nxd6+ Qxd6 23. Qh3 Qe7 24. Bxh5 O-O-O 25. Na5 Bb5 0-1

[Event "6th EICC"]
[Site "Warsaw POL"]
[Date "2005.07.01"]
[Round "13"]
[White "Lupulescu,C"]
[Black "Aleksandrov,A"]
[Result "0-1"]
[WhiteElo "2546"]
[BlackElo "2635"]
[EventDate "2005.06.18"]

1. e4 e5 2. Nc3 Nf6 3. g3 Bc5 4. Bg2 Nc6 5. Nge2 a6 6. O-O d6 7. d3 Be6 8.
h3 Qd7 9. Kh2 h5 10. Nd5 Ba7 11. Be3 Bxd5 12. exd5 Ne7 13. c4 Bxe3 14. fxe3
Ng6 15. Nc3 Qe7 16. Qe2 Nf8 17. Rf2 N8d7 18. Raf1 Kf8 19. b4 Kg8 20. d4 a5
21. a3 axb4 22. axb4 b6 23. Nb5 Nf8 24. c5 bxc5 25. dxc5 e4 26. Rf5 Ng6 27.
cxd6 cxd6 28. Nd4 Ne5 29. Nc6 Nxc6 30. dxc6 d5 31. b5 Qc7 32. Qb2 Rh6 33.
Qe5 Qb6 34. Rxf6 Rxf6 35. Rxf6 gxf6 36. Qxd5 h4 37. Qxe4 hxg3+ 38. Kxg3
Qxb5 39. c7 Rc8 40. h4 Rxc7 41. Qg4+ Kf8 42. Be4 Qe5+ 43. Kf3 Rc1 44. Bd3
Qb8 45. Ke2 Qb7 46. Kf2 Rh1 47. Qf4 Qb2+ 48. Be2 Qe5 49. Qb4+ Kg7 50. Qg4+
Kh6 51. h5 Qh2+ 52. Qg2 Qh4+ 53. Qg3 Rh2+ 0-1

[Event "6th EICC"]
[Site "Warsaw POL"]
[Date "2005.07.01"]
[Round "13"]
[White "Volkov,S1"]
[Black "Halkias,S"]
[Result "1-0"]
[WhiteElo "2634"]
[BlackElo "2549"]
[EventDate "2005.06.18"]

1. d4 d5 2. c4 e6 3. Nc3 Be7 4. Nf3 Nf6 5. Bg5 Nbd7 6. e3 O-O 7. Rc1 c6 8.
Qc2 h6 9. Bh4 Ne4 10. Bxe7 Qxe7 11. a3 Nxc3 12. Qxc3 dxc4 13. Bxc4 b6 14.
O-O Bb7 15. Rfd1 Rfd8 16. b4 Rac8 17. Be2 Nf6 18. Ne5 Nd7 19. Nxd7 Rxd7 20.
Bf3 Rdc7 21. Qc4 g6 22. Rc2 e5 23. dxe5 Qxe5 24. Rcd2 Re7 25. h4 Kg7 26. h5
gxh5 27. Rd4 Rcc7 28. Rh4 Qe6 29. Qc3+ Qe5 30. Qc2 c5 31. Rxh5 Qf6 32. Bxb7
cxb4 33. Qe2 Rxb7 34. axb4 Re4 35. b5 Rbe7 36. Rh3 R7e5 37. Rd7 Ra4 38. Kh2
Rf5 39. f4 Kh8 40. Qd3 Qg6 41. Rd6 Qg4 42. Rdxh6+ Kg7 43. Rh7+ 1-0

[Event "6th EICC"]
[Site "Warsaw POL"]
[Date "2005.07.01"]
[Round "13"]
[White "Graf,A"]
[Black "Gouliev,N"]
[Result "1-0"]
[WhiteElo "2632"]
[BlackElo "2526"]
[EventDate "2005.06.18"]

1. d4 d5 2. c4 dxc4 3. Nf3 Nf6 4. e3 e6 5. Bxc4 c5 6. Qe2 cxd4 7. exd4 Bb4+
8. Nc3 O-O 9. O-O b6 10. Bf4 Bb7 11. Rac1 Nbd7 12. Rfd1 Re8 13. Ne5 a6 14.
d5 Bxc3 15. Nxf7 Kxf7 16. dxe6+ Kf8 17. Bd6+ Re7 18. exd7 Ba5 19. Qe6 1-0

[Event "6th EICC"]
[Site "Warsaw POL"]
[Date "2005.07.01"]
[Round "13"]
[White "Wells,P"]
[Black "Dautov,R"]
[Result "1/2-1/2"]
[WhiteElo "2525"]
[BlackElo "2609"]
[EventDate "2005.06.18"]

1. d4 d5 2. c4 c6 3. Nc3 Nf6 4. e3 a6 5. Nf3 b5 6. b3 Bg4 7. Be2 e6 8. O-O
Nbd7 9. h3 Bh5 10. Bb2 Bd6 11. Ne5 1/2-1/2

[Event "6th EICC"]
[Site "Warsaw POL"]
[Date "2005.07.01"]
[Round "13"]
[White "Stefansson,H"]
[Black "Mchedlishvili,M"]
[Result "1/2-1/2"]
[WhiteElo "2573"]
[BlackElo "2518"]
[EventDate "2005.06.18"]

1. d4 d5 2. c4 c6 3. Nf3 Nf6 4. e3 Bf5 5. Nc3 e6 6. Nh4 Be4 7. f3 Bg6 8.
Nxg6 hxg6 9. g3 c5 10. dxc5 Bxc5 11. Qb3 Qe7 12. cxd5 exd5 13. Nxd5 Nxd5
14. Qxd5 Nc6 15. Qe4 Bb4+ 16. Kd1 Qxe4 17. fxe4 Ne5 18. a3 Rd8+ 19. Kc2 Ba5
20. b4 Bb6 21. Be2 f6 22. h4 Ke7 23. a4 Bc7 24. Bd2 Nf7 25. g4 Be5 26. Rad1
Nd6 27. Bd3 Rd7 28. b5 Rc7+ 29. Kb3 Rhc8 30. Bb4 Ke6 31. g5 Bc3 32. Ba3 Be5
33. gxf6 gxf6 34. Bb4 Bc3 35. Ba3 Be5 36. Bb4 Bc3 37. Bxd6 Kxd6 38. e5+ Ke7
39. Rc1 f5 40. e6 Bd2 41. Rxc7+ Rxc7 1/2-1/2

[Event "6th EICC"]
[Site "Warsaw POL"]
[Date "2005.07.01"]
[Round "13"]
[White "Chuchelov,V"]
[Black "Pavlovic,Mi"]
[Result "1/2-1/2"]
[WhiteElo "2571"]
[BlackElo "2475"]
[EventDate "2005.06.18"]

1. Nf3 b6 2. g3 Bb7 3. Bg2 c5 4. O-O g6 5. d3 Bg7 6. e4 Nc6 7. c3 Nf6 8.
Re1 O-O 9. d4 Na5 10. e5 Nd5 11. h4 cxd4 12. Nxd4 Qb8 13. Qe2 Nc6 14. Nxc6
Bxc6 15. Nd2 Qb7 16. Bf3 1/2-1/2